Basic Electrical and Electronics Engineering / (Record no. 36335)

MARC details
000 -LEADER
fixed length control field 00589nam a22001937a 4500
005 - DATE AND TIME OF LATEST TRANSACTION
control field 20240808110049.0
008 - FIXED-LENGTH DATA ELEMENTS--GENERAL INFORMATION
fixed length control field 240808b |||||||| |||| 00| 0 eng d
020 ## - INTERNATIONAL STANDARD BOOK NUMBER
ISBN 978-81-265-2951-3
082 ## - DEWEY DECIMAL CLASSIFICATION NUMBER
Classification number 621.3
Item number JEG-B
100 ## - MAIN ENTRY--AUTHOR
Author Name Jegathesan, V.
245 ## - TITLE STATEMENT
Title Basic Electrical and Electronics Engineering /
Statement of responsibility, etc. by V. Jegathesan, K. Vinoth Kumar and R. Sarvanakumar
260 ## - PUBLICATION, DISTRIBUTION, ETC.
Place of Publication India :
Name of publisher, distributor, etc. Wiley ;
Date of publication, distribution, etc. 2011 .
300 ## - PHYSICAL DESCRIPTION
Pages xxiv, 526 p. :
500 ## - GENERAL NOTE
General note Include Index.
650 ## - SUBJECT ADDED ENTRY--TOPICAL TERM
Subject / Department Electrical/Engineering
700 ## - ADDED ENTRY--PERSONAL NAME
Personal name Kumar, K. Vinoth
700 ## - ADDED ENTRY--PERSONAL NAME
Personal name Kumar, R. Saravana
300 ## - PHYSICAL DESCRIPTION
-- 23 cm.
952 ## - LOCATION AND ITEM INFORMATION (KOHA)
-- 0
-- 0
952 ## - LOCATION AND ITEM INFORMATION (KOHA)
-- 0
-- 0
952 ## - LOCATION AND ITEM INFORMATION (KOHA)
-- 0
-- 0
952 ## - LOCATION AND ITEM INFORMATION (KOHA)
-- 0
-- 0
952 ## - LOCATION AND ITEM INFORMATION (KOHA)
-- 0
-- 0
952 ## - LOCATION AND ITEM INFORMATION (KOHA)
-- 0
-- 0
Holdings
Lost status Damaged status Collection code Permanent Location Current Location Shelving Location Date acquired Full Call Number Accession No./Barcode Date last seen Copy number item type Koha item type
    Engineering Superior Information Resource Center (SIRC) Superior University- Main Campus Superior Information Resource Center (SIRC) Superior University- Main Campus Electrical 08/08/2024 621.3 JEG-B 2011 7716 08/08/2024 1 BOOK BOOK
    Engineering Superior Information Resource Center (SIRC) Superior University- Main Campus Superior Information Resource Center (SIRC) Superior University- Main Campus Electrical 08/08/2024 621.3 JEG-B 2011 7717 08/08/2024 2 BOOK BOOK
    Engineering Superior Information Resource Center (SIRC) Superior University- Main Campus Superior Information Resource Center (SIRC) Superior University- Main Campus Electrical 08/08/2024 621.3 JEG-B 2011 7718 08/08/2024 3 BOOK BOOK
    Engineering Superior Information Resource Center (SIRC) Superior University- Main Campus Superior Information Resource Center (SIRC) Superior University- Main Campus Electrical 08/08/2024 621.3 JEG-B 2011 7719 08/08/2024 4 BOOK BOOK
    Engineering Superior Information Resource Center (SIRC) Superior University- Main Campus Superior Information Resource Center (SIRC) Superior University- Main Campus Electrical 08/08/2024 621.3 JEG-B 2011 7720 08/08/2024 5 BOOK BOOK
    Engineering Superior Information Resource Center (SIRC) Superior University- Main Campus Superior Information Resource Center (SIRC) Superior University- Main Campus Electrical 08/08/2024 621.3 JEG-B 2011 7579 08/08/2024 6 BOOK BOOK

Powered by Koha